Entry Personal Name
Number of records used in: 1
001 - CONTROL NUMBER
003 - CONTROL NUMBER IDENTIFIER
005 - DATE AND TIME OF LATEST TRANSACTION
- control field:
20200127135845.0
008 - FIXED-LENGTH DATA ELEMENTS
- fixed length control field:
920819n| azannaabn |a aaa
010 ## - LIBRARY OF CONGRESS CONTROL NUMBER
- LC control number:
n 92083534
035 ## - SYSTEM CONTROL NUMBER
- System control number:
(OCoLC)oca03224671
040 ## - CATALOGING SOURCE
- Original cataloging agency:
DLC
- Language of cataloging:
eng
- Description conventions:
rda
- Transcribing agency:
DLC
- Modifying agency:
DLC
- Modifying agency:
MX-MrUMS
- Modifying agency:
IEN
100 1# - HEADING--PERSONAL NAME
- Personal name:
Curphy, Gordon J.
372 ## - FIELD OF ACTIVITY
- Field of activity:
Vice-Presidents
- Field of activity:
Executives
- Field of activity:
Industrial psychologists
- Source of term:
lcsh
373 ## - ASSOCIATED GROUP
- Associated group:
Curphy Consulting Corporation (C3)
373 ## - ASSOCIATED GROUP
- Associated group:
Charles K. Blandin Foundation
- Associated group:
Personnel Decisions International
- Associated group:
United States Air Force Academy
- Associated group:
St. Mary's University (San Antonio, Tex.)
- Associated group:
University of Minnesota
- Source of term:
naf
374 ## - OCCUPATION
- Occupation:
Chief executive officers
- Source of term:
lcsh
400 1# - SEE FROM TRACING--PERSONAL NAME
- Personal name:
Curphy, Gordy
670 ## - SOURCE DATA FOUND
- Source citation:
Hughes, R.L. Leadership, c1993:
- Information found:
CIP t.p. (Gordon J. Curphy)
670 ## - SOURCE DATA FOUND
- Source citation:
Leadership, c2006:
- Information found:
t.p. (Gordon J. Curphy) p. iv (Gordy Curphy; industrial/organizational psychologist; grad., US Air Force Acad.; M.A., Univ. of St. Mary's; Ph.D., Univ. of Minn.)
670 ## - SOURCE DATA FOUND
- Source citation:
Liderazgo como aprovechar las lecciones de la experiencia, ©2007:
- Information found:
tittle page (Gordon J. Curphy) page vi (Gordy Curphy es el presidente de C3, una empresa de consultoría en recursos humanos. Gordy paso 10 años como vicepresidente y gerente general de Personnel Decisions International. Es psicólogo industrial/organizacional y graduado de la Academia de la Fuerza Aérea de Estados Unidos; tiene una maestría de la Universidad St. Marýs y un doctorado en psicología industrial/organizacional de la Universidad de Minnesota)